书目信息 |
| 题名: |
高新技术产业成长
|
|
| 作者: | 张贵 著 | |
| 分册: | ||
| 出版信息: | 北京 中国经济出版社 2007 |
|
| 页数: | 366页 | |
| 开本: | 24cm | |
| 丛书名: | ||
| 单 册: | ||
| 中图分类: | F276.44 | |
| 科图分类: | ||
| 主题词: | 高技术产业--经济发展--研究 , 高技术产业 , 经济发展 | |
| 电子资源: | ||
| ISBN: | 978-7-5017-7983-3 | |
| 000 | 00971nam0 2200265 450 | |
| 001 | 003541868 | |
| 005 | 20091202085353.73 | |
| 010 | @a978-7-5017-7983-3@dCNY45.00 | |
| 100 | @a20070327d2007 em y0chiy0110 ea | |
| 101 | 0 | @achi |
| 102 | @aCN@b110000 | |
| 105 | @ay z 000yy | |
| 106 | @ar | |
| 200 | 1 | @a高新技术产业成长@9gao xin ji shu chan ye cheng zhang@e不确定性分析框架@f张贵著 |
| 210 | @a北京@c中国经济出版社@d2007 | |
| 215 | @a366页@d24cm | |
| 300 | @a南开大学“985工程”创新基地研究成果 | |
| 330 | @a本书分别从产业信息化、产业创新、产业集群和制度安排四个角度,系统研究了高新技术产业成长不确定性选择,提出了诸如产业周期不确定性控制模型、企业孵化器效能评价标准、产业创新模式等新概念,丰富和发展了当前高新技术产业理论研究。 | |
| 606 | 0 | @a高技术产业@x经济发展@x研究 |
| 606 | 0 | @a高技术产业 |
| 606 | 0 | @a经济发展 |
| 690 | @aF276.44@v4 | |
| 701 | 0 | @a张贵@9zhang gui@f(1971.2~)@4著 |
| 801 | 0 | @aCN@bNLC@c20091202 |
| 905 | @b794339-44@dF276.44@e724@f6 | |
| 高新技术产业成长:不确定性分析框架/张贵著.-北京:中国经济出版社,2007 |
| 366页;24cm |
| 南开大学“985工程”创新基地研究成果 |
| ISBN 978-7-5017-7983-3:CNY45.00 |
| 本书分别从产业信息化、产业创新、产业集群和制度安排四个角度,系统研究了高新技术产业成长不确定性选择,提出了诸如产业周期不确定性控制模型、企业孵化器效能评价标准、产业创新模式等新概念,丰富和发展了当前高新技术产业理论研究。 |
| ● |
| 相关链接 |
|
|
|
|
正题名:高新技术产业成长
索取号:F276.44/724
 
预约/预借
| 序号 | 登录号 | 条形码 | 馆藏地/架位号 | 状态 | 备注 |
| 1 | 794339 | 207943396 | 第一样本阅览室/ [索取号:F276.44/724] | 在馆 | |
| 2 | 794340 | 207943403 | 第一借阅区/ [索取号:F276.44/724] | 在馆 | |
| 3 | 794341 | 207943412 | 第一借阅区/ [索取号:F276.44/724] | 在馆 | |
| 4 | 794342 | 207943421 | 第一借阅区/ [索取号:F276.44/724] | 在馆 | |
| 5 | 794343 | 207943430 | 第一借阅区/ [索取号:F276.44/724] | 在馆 | |
| 6 | 794344 | 207943449 | 第一借阅区/ [索取号:F276.44/724] | 在馆 |